LECTURE NOTES : OBSTETRIC & GYNAECOLOGY / (Record no. 796173)

MARC details
000 -LEADER
fixed length control field 00475pam a2200181 a 4500
020 ## - INTERNATIONAL STANDARD BOOK NUMBER
International Standard Book Number 1405120665
Terms of availability 455.00
041 ## - LANGUAGE CODE
Language code of text/sound track or separate title eng
Language code of original NULL
082 ## - DEWEY DECIMAL CLASSIFICATION NUMBER
Classification number 618
Item number FAI
100 ## - MAIN ENTRY--PERSONAL NAME
Personal name FAIRLEY, D .
245 ## - TITLE STATEMENT
Title LECTURE NOTES : OBSTETRIC & GYNAECOLOGY /
Statement of responsibility, etc. NULL.
Medium Textual Documents
250 ## - EDITION STATEMENT
Edition statement 2 /
Remainder of edition statement .
260 ## - PUBLICATION, DISTRIBUTION, ETC.
Place of publication, distribution, etc. NULL :
Name of publisher, distributor, etc. BLACKWELL SCIENCE ,
Date of publication, distribution, etc. 2004.
300 ## - PHYSICAL DESCRIPTION
Extent 336 :
Other physical details VIII ;
Dimensions NULL .
365 ## - TRADE PRICE
Price type code 455.00
650 ## - SUBJECT ADDED ENTRY--TOPICAL TERM
Topical term or geographic name entry element OBST.GYNE
930 ## - EQUIVALENCE OR CROSS-REFERENCE-UNIFORM TITLE HEADING [LOCAL, CANADA]
Uniform title 1637
Holdings
Withdrawn status Lost status Damaged status Not for loan Home library Current library Date acquired Cost, normal purchase price Total Checkouts Full call number Barcode Date due Date last seen Date last checked out Copy number Price effective from Koha item type
        Medical College & Hospital, Sangli Medical College & Hospital, Sangli 28/11/2011 455.00 1 618 FAI MCS-4246 01/10/2043 06/10/2023 06/10/2023 1 26/07/2023 Book